000
00337nam a2200145Ia 4500
008
231217s9999 xx 000 0 und d
041
_a
English
082
_a
001.6424TUR PAL R
100
_a
Palmer, Scott D
245
0
_a
Turbo Pascal for Windows
260
_c
1992
_b
T P
300
_a
499
650
_a
Turbo Pascal
942
_c
AA
999
_c
162835
_d
162835